Statistiques concernant Connaissances générales en histoire et géographie

Cliquez ici pour prendre le quiz!

Statistiques générales

  • Ce quiz a été pris 178 fois
  • Le résultat moyen est 4 sur 15

Statistiques - réponses

HintRéponse% Correct
Quel a été le plus grand empire de tous les temps ?mongol
78%
Quelle figure emblématique de la lutte contre le racisme au États-Unis refuse de céder son siège a un passager blanc le 1 décembre 1955 ?rosa parks
66%
Quel pays à la plus haute altitude moyenne ?bhoutan
45%
Dans quel pays retrouve-t-on la Salto Àngel, la plus haut chute du monde?venezuela
36%
Quelle langue est la plus parlée en Afrique du sud?zoulou
28%
Quelle est l'île la plus peuplée au monde ?java
25%
Sur quelle île italienne les souffleurs de verre de Venise ont-ils migré pour développer leur art?murano
23%
Quelle personnalité a explorer seul les profondeurs de la fosse des Marianne le 25 mars 2012 ?cameron
17%
Capitale actuelle de Nauru?yaren
17%
Quel commandant traversa la Cordillère des Andes avec son armée ?bolivar
15%
Quelle ville de Bosnie-Herzégovine possède un pont magnifique restauré après la guerre et surplombant la Neretva?mostar
7%
Dans quel état indien retrouve-t-on le Taj-Mahal ?uttar pradesh
7%
Quel est la monnaie actuelle de l'Éthiopie?birr
5%
Quelle est l'île la plus isolée au monde?tristan da cunha
4%
Nommez le volcan avec la côte la plus élevée en comptant sa partie submergée.mauna kea
3%

Distribution des résultats

Percentile par nombre de réponses

% des personnes avec chaque résultat

Votre développement - résultats

Vous n’avez pas pris ce quiz